|
|
|
|
| LEADER |
00000nam0a2200000 4500 |
| 001 |
324383 |
| 005 |
20231102003649.0 |
| 035 |
|
|
|a (RuTPU)RU\TPU\book\349981
|
| 090 |
|
|
|a 324383
|
| 100 |
|
|
|a 20161115d1867 km y0rusy50 ca
|
| 101 |
1 |
|
|a rus
|c ger
|
| 102 |
|
|
|a RU
|
| 105 |
|
|
|a a z 000zy
|
| 200 |
1 |
|
|a Растительная и животная жизнь на земле
|f Ф. Циммерман
|g пер. с 20-го нем. изд. и издал А. Смирнов
|
| 210 |
|
|
|a Москва
|c Типография Назаровой
|d 1867
|
| 215 |
|
|
|a 501, II с.
|c ил.
|
| 300 |
|
|
|a Текст в русской дореформенной орфографии
|
| 316 |
|
|
|5 63413507: М-132068
|a Владельческий переплет, на корешке экслибрис: "Библиотека Поповых"
|
| 317 |
|
|
|5 63413507: М-132068
|a Поступила в НТБ в 1970 г. в составе книжного собрания профессора ТПИ И. Н. Бутакова
|
| 516 |
1 |
|
|a Жизнь на земле
|
| 606 |
1 |
|
|a Биология
|2 stltpush
|3 (RuTPU)RU\TPU\subj\68258
|9 83692
|
| 610 |
1 |
|
|a растительный мир
|
| 610 |
1 |
|
|a животный мир
|
| 610 |
1 |
|
|a человек
|
| 610 |
1 |
|
|a экслибрисы
|
| 610 |
1 |
|
|a библиотека И. Н. Бутакова
|
| 675 |
|
|
|a 57
|v 4
|
| 700 |
|
1 |
|a Циммерман
|b Ф.
|
| 702 |
|
1 |
|a Смирнов
|b А.
|4 730
|4 650
|
| 801 |
|
1 |
|a RU
|b 63413507
|c 20161115
|
| 801 |
|
2 |
|a RU
|b 63413507
|c 20190722
|g RCR
|
| 942 |
|
|
|c BK
|